Phòng ngừa vi phạm pháp luật trong thanh niên

שמור ב:
מידע ביבליוגרפי
מחבר ראשי: N I Vetrov
פורמט: ספר
שפה:Undetermined
יצא לאור: Hà Nội Pháp lí 1986
נושאים:
תגים: הוספת תג
אין תגיות, היה/י הראשונ/ה לתייג את הרשומה!
Thư viện lưu trữ: Trung tâm Học liệu Trường Đại học Cần Thơ
LEADER 00517nam a2200181Ia 4500
001 CTU_5948
008 210402s9999 xx 000 0 und d
082 |a 345.08 
082 |b V589 
100 |a N I Vetrov 
245 0 |a Phòng ngừa vi phạm pháp luật trong thanh niên 
245 0 |c N I Vetrov 
260 |a Hà Nội 
260 |b Pháp lí 
260 |c 1986 
650 |a criminal law 
904 |i Nguyễn Quang Điền, 960807 
980 |a Trung tâm Học liệu Trường Đại học Cần Thơ